| 000 | 00649nam a2200205 a 4500 | ||
|---|---|---|---|
| 005 | 20140311163001.0 | ||
| 008 | 020819s19uu xx 00 eng d | ||
| 020 | _a0256247811 | ||
| 050 |
_aHD 62.4 _b.B365 2000 |
||
| 100 | _aBartlett, Christopher A. | ||
| 245 |
_aTransactional management : _btext, cases and readings in cross-border management / _cChristopher A. Bartlett. |
||
| 250 | _a3rd ed. | ||
| 260 |
_aBoston : _bIrwin/McGraw Hill, _cc2000. |
||
| 300 |
_a880 p. : _bill. ; _c24 cm. |
||
| 500 | _aIncludes index | ||
| 521 | _aBSBA | ||
| 650 |
_aInternational business interprises _xManagement |
||
| 942 |
_cBK _2lcc _kFOR |
||
| 999 |
_c39209 _d39209 |
||